Recreation, wilderness, and the public : a survey report for the Department of Youth, Sport and Recreation /

Bibliographic Details
Main Author: McKenry, Keith
Corporate Author: Victoria. Department of Youth, Sport, and Recreation
Format: Book
Language:English
Published: [Melbourne] : Dept. of Youth, Sport and Recreation, 1975.
Subjects:

MARC

Tag First Indicator Second Indicator Subfields
LEADER 00000cam a2200000 a 4500
001 in00000072107
005 20151008062542.0
008 780822s1975 at a bs s00010 engm
010 |a  78309400  
015 |a Aus 
020 |a 0724109080 
035 |a (OCoLC)04230735 
035 |9 AAK0467AM 
040 |a DLC  |c DLC  |d m.c.  |d TXA  |d UtOrBLW 
043 |a u-at--- 
049 |a TXAM  |c [932760] 
050 0 0 |a GV146.V5  |b M3 
082 0 |a 790/.09945 
100 1 |a McKenry, Keith. 
245 1 0 |a Recreation, wilderness, and the public :  |b a survey report for the Department of Youth, Sport and Recreation /  |c by Keith McKenry. 
264 1 |a [Melbourne] :  |b Dept. of Youth, Sport and Recreation,  |c 1975. 
300 |a iii, 214 pages :  |b illustrations ;  |c 33x43 cm. 
336 |a text  |b txt  |2 rdacontent 
337 |a unmediated  |b n  |2 rdamedia 
338 |a volume  |b nc  |2 rdacarrier 
500 |a "Outdoor recreation needs in Australia", a survey, in pocket at end. 
504 |a Bibliography: page 213. 
650 0 |a Recreation  |z Australia  |z Victoria  |x Statistics. 
650 0 |a Recreational surveys  |z Australia  |z Victoria  |x Statistics. 
650 0 |a Recreation  |x Research  |z Australia  |z Victoria  |x Methodology. 
710 1 |a Victoria.  |b Department of Youth, Sport, and Recreation. 
999 |a MARS 
999 f f |s 53a6f72e-904c-317a-8056-89395ec68ecb  |i dac1572f-3dea-3384-a0d5-617e4274bd3b  |t 0 
952 f f |p ric  |a Texas A&M University  |b Rellis Campus  |c Joint Library Facility  |d Remote Storage  |t 0  |e GV146.V5 M3  |f Oversize  |h Library of Congress classification  |i unmediated -- volume  |m A14808820249 
998 f f |a GV146.V5 M3  |t 0  |l Remote Storage